| Record ID | marc_records_scriblio_net/part27.dat:62061192:1022 |
| Source | Scriblio |
| Download Link | /show-records/marc_records_scriblio_net/part27.dat:62061192:1022?format=raw |
LEADER: 01022cam 2200277 a 4500
001 98008023
003 DLC
005 20030710200123.0
008 980511s1998 mau 001 0 eng
010 $a 98008023
020 $a0750670630 (alk. paper)
040 $aDLC$cDLC$dDLC
050 00 $aTK7866$b.S3723 1998
082 00 $a621.3815/0285/5369$221
100 1 $aSchroeder, Chris,$d1954-
245 10 $aInside OrCAD capture for Windows /$cChris Schroeder.
260 $aBoston :$bNewnes,$cc1998.
300 $axii, 328 p. ;$c24 cm. +$e1 computer disk (3 1/2 in.)
440 0 $aEDN series for design engineers
500 $aIncludes index.
650 0 $aElectronics$xCharts, diagrams, etc.$xData processing.
630 00 $aOrCAD SDT.
650 0 $aElectric circuit analysis$xData processing.
650 0 $aPrinted circuits$xComputer-aided design.
856 42 $3Publisher description$uhttp://www.loc.gov/catdir/description/els033/98008023.html
856 41 $3Table of contents$uhttp://www.loc.gov/catdir/toc/els032/98008023.html